000 00578nam a22001817a 4500
005 20260226095346.0
008 260226b |||||||| |||| 00| 0 eng d
020 _a978 93 86235 54 1
050 _aRC 200 .G87 2018
100 _aGUPTA,RAMJI
245 _aESSENTIALS OF DERMATOLOGY AND SEXUALLY TRANSMITTED DISEASES :AN ILLUSTRATED SYNOPSIS
250 _a2ND
260 _aINDIA
_bUNIVERSITIES PRESS
_c2018
300 _aV,206P.,ILLUSTRATION.
500 _aINCLUDES APPENDIX AND INDEXES
650 _a1.DERMATOLOGY-TEXT BOOK 2.SKIN-DISEASES-TEXT BOOK
942 _2lcc
_cBK
999 _c216684
_d216684